| 000 | 00741cam a2200229 a 4500 | ||
|---|---|---|---|
| 001 | 000001385 | ||
| 005 | 20200929145548.0 | ||
| 008 | 760421s1974 onca 000 0 eng | ||
| 020 | _a077051216X | ||
| 040 |
_aDO-SdBNP _cDLC _dDLC |
||
| 050 | 0 | 0 |
_aHQ799.6 _b.N52 |
| 082 |
_a301.42/7/0207 _bN634l |
||
| 100 | 1 |
_aNicol, Eric. _q(Eric Patrick Nicol), _d1919- _94635 |
|
| 245 | 1 | 0 |
_aLetters to my son / _cEric Nicol. |
| 260 |
_aToronto, Ontario, Canada : _bMacmillan of Canada, _c1974. |
||
| 300 |
_a182 p. : _bil. ; _c23 cm. |
||
| 650 | 0 |
_aFathers and sons. _94636 |
|
| 650 | 0 |
_aConflict of generations _zCanada. _94637 |
|
| 650 | 0 |
_aYouth _xSexual behavior. _94638 |
|
| 650 | 0 |
_aSex customs _zCanada. _94639 |
|
| 910 | _aCatalogación por copia / LC | ||
| 999 |
_c1308 _d1308 |
||